Látens fiatalkori devianciák: fiatalkori devianciák egy önbevalláson alapuló felmérés tükrében - "ISRD-2"

Saved in:  
Bibliographic Details
Contributors: Kerezsi, Klára (Editor) ; Parti, Katalin (Other)
Format: Print Book
Language:Hungarian
Published: Budapest Eötvös Lóránd Tudományegyetem Állam- és Jogtudományi Kar Kriminológiai Tanszék [u.a.] 2008
In:Year: 2008
Check availability: HBZ Gateway
Subito Delivery Service: Order now.

MARC

LEADER 00000cam a2200000 c 4500
001 1373118288
003 DE-627
005 20220613121344.0
007 tu
008 090217s2008 xx ||||| 00| ||hun c
035 |a (DE-627)1373118288 
035 |a (DE-576)303118288 
035 |a (DE-599)BSZ303118288 
035 |a (OCoLC)698832522 
040 |a DE-627  |b ger  |c DE-627  |e rakwb 
041 |a hun 
242 1 0 |a Latente Delinquenz Jugendlicher in Ungarn  |y hun 
245 0 0 |a Látens fiatalkori devianciák  |b fiatalkori devianciák egy önbevalláson alapuló felmérés tükrében - "ISRD-2"  |c a kutatás vezetöje: Kerezsi Klára. Résztvevö kutatók: Parti Katalin ... 
264 1 |a Budapest  |b Eötvös Lóránd Tudományegyetem Állam- és Jogtudományi Kar Kriminológiai Tanszék [u.a.]  |c 2008 
300 |a 171 S.  |b graph. Darst. 
336 |a Text  |b txt  |2 rdacontent 
337 |a ohne Hilfsmittel zu benutzen  |b n  |2 rdamedia 
338 |a Band  |b nc  |2 rdacarrier 
583 1 |a Archivierung prüfen  |c 20200919  |f DE-640  |z 1  |2 pdager 
700 1 |a Kerezsi, Klára  |e Hrsg.  |4 edt 
700 1 |a Parti, Katalin  |e Mitarb.  |0 (DE-588)1221558501  |0 (DE-627)1738776212  |4 oth 
935 |a mkri 
951 |a BO 
ELC |b 1 
LOK |0 000 xxxxxcx a22 zn 4500 
LOK |0 001 2592770925 
LOK |0 003 DE-627 
LOK |0 004 1373118288 
LOK |0 005 20090217145257 
LOK |0 008 090217||||||||||||||||ger||||||| 
LOK |0 040   |a DE-Frei85  |c DE-627  |d DE-Frei85 
LOK |0 852   |a DE-Frei85 
LOK |0 852 1  |m p  |9 00 
LOK |0 938   |k p 
LOK |0 939   |a 17-02-09  |b l01 
ORI |a SA-MARC-krimdoka001.raw